[Event "Struga op"]
[Site "Struga"]
[Date "1993.??.??"]
[Round "2"]
[White "Skrcevski, Gavril"]
[Black "Sofrevski, Jovan"]
[Result "0-1"]
[WhiteElo "2225"]
[BlackElo "2415"]
[PlyCount "126"]
[EventDate "1993.??.??"]
[EventType "swiss"]
[EventRounds "9"]
[EventCountry "MKD"]
[SourceTitle "EXT 2004"]
[Source "ChessBase"]
[SourceDate "2003.11.25"]
[SourceVersion "1"]
[SourceVersionDate "2003.11.25"]
[SourceQuality "1"]

1. d4 e6 2. c4 Nf6 3. Nc3 Bb4 4. Bd2 0-0 5. a3 Bxc3 6. Bxc3 Ne4 7. Qc2 f5 8. e3 d6 9. Bd3 Nxc3 10. Qxc3 Qe7 11. Nf3 Nd7 12. e4 e5 13. dxe5 dxe5 14. Bc2 fxe4 15. Nd2 Nc5 16. 0-0 Bf5 17. Rae1 Nd3 18. Re3 Rad8 19. Nxe4 Nf4 20. Rfe1 Ng6 21. c5 Kh8 22. Qa5 b6 23. Qxa7 Bxe4 24. Bxe4 Qxc5 25. b4 Qd4 26. Qa6 Nf4 27. Qf1 Qb2 28. Rb1 Qa2 29. Ra1 Qb2 30. Rb1 Qa2 31. g3 Ne6 32. Re2 Qxa3 33. Bxh7 Nd4 34. Be4 Nxe2+ 35. Qxe2 Rd6 36. Qh5+ Rh6 37. Qxe5 Qa2 38. Rf1 Qe6 39. Qxe6 Rxe6 40. f3 Rd8 41. Rc1 Re7 42. h4 Rd2 43. Ra1 Red7 44. Ra3 Rd8 45. b5 Rb2 46. Bd3 g6 47. Kf1 Rf8 48. Bxg6 Rxb5 49. Ke2 Re5+ 50. Kf2 b5 51. f4 Rc5 52. Rb3 Rb8 53. h5 b4 54. Ke3 Rc1 55. Kd2 Rg1 56. Bf7 Rd8+ 57. Ke2 c5 58. Be6 Rg2+ 59. Kf3 Rc2 60. g4 Rc3+ 61. Rxc3 bxc3 62. Bf5 Rd2 63. Ke3 Rh2 0-1

[Event "FRM-ch"]
[Site "Struga"]
[Date "1993.??.??"]
[Round "12"]
[White "Sofrevski, Jovan"]
[Black "Jacimovic, Dragoljub"]
[Result "0-1"]
[WhiteElo "2415"]
[BlackElo "2405"]
[PlyCount "78"]
[EventDate "1993.??.??"]
[EventType "swiss"]
[EventRounds "13"]
[EventCountry "MKD"]
[SourceTitle "EXT 1999"]
[Source "ChessBase"]
[SourceDate "1998.11.16"]
[SourceVersion "1"]
[SourceVersionDate "1998.11.16"]
[SourceQuality "1"]

1. c4 e5 2. Nc3 Nc6 3. g3 g6 4. Bg2 Bg7 5. d3 d6 6. e3 h5 7. h4 Nh6 8. Rb1 Bg4 9. Nge2 a5 10. a3 Qd7 11. b4 axb4 12. axb4 0-0 13. b5 Nd8 14. e4 c6 15. Be3 Be6 16. f3 d5 17. cxd5 cxd5 18. Na4 dxe4 19. Nb6 Qxd3 20. Qxd3 exd3 21. Nxa8 dxe2 22. Nb6 Nf5 23. Bf2 Nd4 24. Bxd4 exd4 25. Kxe2 Re8 26. Kd2 Be5 27. f4 Bc7 28. Nd5 Ba5+ 29. Kd3 Bf5+ 30. Kxd4 Re2 31. Ra1 Ne6+ 32. Kc4 Rc2+ 33. Kb3 Nc5+ 34. Ka3 Rxg2 35. Rhg1 Re2 36. Ra2 Rxa2+ 37. Kxa2 Be6 38. Rd1 Ne4 39. Kb3 Nc3 0-1

[Event "FRM-ch"]
[Site "Struga"]
[Date "1993.??.??"]
[Round "6"]
[White "Sofrevski, Jovan"]
[Black "Stanojoski, Zvonko"]
[Result "0-1"]
[WhiteElo "2415"]
[BlackElo "2365"]
[PlyCount "196"]
[EventDate "1993.??.??"]
[EventType "swiss"]
[EventRounds "13"]
[EventCountry "MKD"]
[SourceTitle "EXT 1999"]
[Source "ChessBase"]
[SourceDate "1998.11.16"]
[SourceVersion "1"]
[SourceVersionDate "1998.11.16"]
[SourceQuality "1"]

1. Nf3 Nf6 2. c4 c5 3. Nc3 Nc6 4. e3 g6 5. d4 cxd4 6. exd4 Bg7 7. d5 Nb8 8. Be2 0-0 9. 0-0 d6 10. h3 Na6 11. Re1 Nc7 12. Be3 Re8 13. Qd2 b6 14. Red1 Bb7 15. Rac1 b5 16. b3 Qd7 17. Nd4 bxc4 18. bxc4 Na6 19. Nb3 Qc8 20. Rb1 Nd7 21. Na4 Qc7 22. Qa5 Reb8 23. Qxc7 Nxc7 24. Na5 Ba6 25. Bf1 Bf6 26. f4 Rxb1 27. Rxb1 e6 28. dxe6 Nxe6 29. Rd1 Ndc5 30. Rxd6 Be7 31. Rc6 Nxa4 32. Rxa6 Bc5 33. Bxc5 Naxc5 34. Rd6 Rb8 35. Nc6 Rb2 36. Nxa7 Rxa2 37. Nc6 Nxf4 38. Rd1 Kg7 39. Nb4 Rb2 40. Nd5 Nfe6 41. Nc3 h5 42. Nb5 Ne4 43. Nd4 N6c5 44. Re1 f5 45. Be2 Kf6 46. Bf3 Rd2 47. Rd1 Ke5 48. Rxd2 Nxd2 49. Nc6+ Kf4 50. Bd5 h4 51. Nd4 Ke3 52. Nc2+ Kd3 53. Ne1+ Ke3 54. Nc2+ Kd3 55. Ne1+ Kd4 56. Kf2 Nxc4 57. Bxc4 Ne4+ 58. Kf3 Kxc4 59. Kf4 Kd5 60. Nf3 Ke6 61. Ke3 g5 62. Kd4 Kf6 63. Ke3 Ng3 64. Kf2 Ne4+ 65. Ke3 Nc5 66. Kd4 Ne6+ 67. Ke3 Kg6 68. Ne5+ Kg7 69. Nf3 Kf6 70. Kf2 Nf4 71. Kf1 Ng6 72. Kf2 g4 73. hxg4 fxg4 74. Nd4 Ke5 75. Ne2 Ne7 76. Nc3 Nd5 77. Nb5 Ke4 78. Nd6+ Kf4 79. Nc4 Nc3 80. Kg1 Ne4 81. Kh2 Nf2 82. Nd2 Nd1 83. Nc4 Ne3 84. Nd2 Nf5 85. Nb3 Ke3 86. Nc5 Ng3 87. Nd7 Kf2 88. Ne5 Nf1+ 89. Kh1 Ne3 90. Nd3+ Kf1 91. Nf4 g3 92. Nh5 Kf2 93. Nf4 Nxg2 94. Ng6 Kf3 95. Ne5+ Kf4 96. Nd3+ Ke3 97. Ne5 Nf4 98. Ng4+ Ke2 0-1

[Event "Struga op"]
[Site "Struga"]
[Date "1993.??.??"]
[Round "6"]
[White "Sofrevski, Jovan"]
[Black "Stanojoski, Zvonko"]
[Result "1/2-1/2"]
[WhiteElo "2365"]
[BlackElo "2415"]
[PlyCount "46"]
[EventDate "1993.??.??"]
[EventType "swiss"]
[EventRounds "9"]
[EventCountry "MKD"]
[SourceTitle "EXT 2004"]
[Source "ChessBase"]
[SourceDate "2003.11.25"]
[SourceVersion "1"]
[SourceVersionDate "2003.11.25"]
[SourceQuality "1"]

1. d4 Nf6 2. Nf3 d5 3. c4 c6 4. e3 e6 5. Bd3 Nbd7 6. 0-0 a6 7. b3 Be7 8. Bb2 0-0 9. Nbd2 c5 10. Qe2 b6 11. Rfd1 Bb7 12. Rac1 cxd4 13. exd4 a5 14. a4 Nh5 15. g3 g6 16. Nf1 Rc8 17. Ne3 Nhf6 18. Ne5 dxc4 19. Bxc4 Nd5 20. Nxd5 exd5 21. Bb5 Rxc1 22. Bxc1 Nxe5 23. Qxe5 Qd6 1/2-1/2

[Event "Skopje"]
[Site "Skopje"]
[Date "1991.??.??"]
[Round "10"]
[White "Bogdanovski, Vlatko"]
[Black "Sofrevski, Jovan"]
[Result "0-1"]
[WhiteElo "2440"]
[BlackElo "2415"]
[PlyCount "114"]
[EventDate "1991.??.??"]
[EventType "tourn"]
[EventRounds "13"]
[EventCountry "MKD"]
[EventCategory "8"]
[SourceTitle "EXT 1997"]
[Source "ChessBase"]
[SourceDate "1996.11.15"]
[SourceVersion "1"]
[SourceVersionDate "1996.11.15"]
[SourceQuality "1"]

1. d4 e6 2. c4 f5 3. Nc3 Nf6 4. e3 Bb4 5. Qc2 b6 6. Bd3 Bb7 7. f3 c5 8. a3 Bxc3+ 9. Qxc3 0-0 10. Ne2 Qe7 11. 0-0 Nc6 12. b3 Rac8 13. Bb2 d5 14. dxc5 Qxc5 15. Nd4 Qe7 16. Nxc6 Bxc6 17. Qb4 Qf7 18. c5 Rb8 19. Bd4 bxc5 20. Qxc5 Rxb3 21. Qxc6 Rxd3 22. Qc2 Rxd4 23. exd4 Qb7 24. Rfe1 Rc8 25. Rab1 Qd7 26. Qe2 Kf7 27. Qa6 Rc6 28. Qb7 Rc7 29. Qb8 Rc8 30. Qb5 Qd6 31. Qa5 Rc7 32. Rec1 Re7 33. Qc3 Qa6 34. Qe3 Ne8 35. Rb8 Nd6 36. Rcb1 Nc4 37. Qg5 Nd6 38. Qh5+ Kf6 39. g4 h6 40. Rf8+ Rf7 41. gxf5 exf5 42. Qh4+ Kg6 43. Rd8 Rf6 44. Rd7 Nf7 45. Rbb7 Kh7 46. Rxf7 Rxf7 47. Rxf7 Qg6+ 48. Kf2 Qxf7 49. Qd8 Qe6 50. Qc7 a6 51. a4 Qf6 52. Qc5 Qh4+ 53. Kg2 Qg5+ 54. Kf2 Qd2+ 55. Kg3 Qe1+ 56. Kg2 Qe6 57. a5 f4 0-1

[Event "YUG-ch"]
[Site "Kladovo"]
[Date "1991.??.??"]
[Round "7"]
[White "Ivkov, Borislav"]
[Black "Sofrevski, Jovan"]
[Result "1/2-1/2"]
[WhiteElo "2485"]
[BlackElo "2415"]
[PlyCount "96"]
[EventDate "1991.02.??"]
[EventType "swiss"]
[EventRounds "13"]
[EventCountry "YUG"]
[SourceTitle "TD"]
[Source "ChessBase"]
[SourceDate "1994.03.01"]
[SourceVersion "1"]
[SourceVersionDate "1994.03.01"]
[SourceQuality "1"]

1. Nf3 Nf6 2. c4 g6 3. Nc3 Bg7 4. e4 d6 5. d4 0-0 6. Be2 e5 7. dxe5 dxe5 8. Qxd8 Rxd8 9. Bg5 Nbd7 10. 0-0-0 Rf8 11. Nd5 c6 12. Ne7+ Kh8 13. Be3 Re8 14. Nxc8 Raxc8 15. Ng5 Kg8 16. Bg4 Rc7 17. Bxd7 Nxd7 18. Rd3 h6 19. Nf3 b6 20. Rhd1 Nf6 21. Rd8 Rce7 22. c5 b5 23. R1d6 Rxd8 24. Rxd8+ Kh7 25. Nd2 Rc7 26. f3 Nd7 27. b4 Nf8 28. Nb3 Ne6 29. Rd3 Bf6 30. g3 g5 31. Na5 Be7 32. a4 a6 33. Ra3 h5 34. h3 Kg6 35. g4 h4 36. Nb3 Kf6 37. axb5 axb5 38. Ra6 Nd8 39. Na5 Ke6 40. Kc2 Kd7 41. Bd2 Ne6 42. Nb3 Bf6 43. Be3 Be7 44. Nc1 Rb7 45. Ne2 Nc7 46. Ra1 Rb8 47. Nc3 f6 48. Ne2 Ra8 1/2-1/2

[Event "YUG-ch"]
[Site "Kladovo"]
[Date "1991.??.??"]
[Round "13"]
[White "Narancic, Vlado"]
[Black "Sofrevski, Jovan"]
[Result "1-0"]
[WhiteElo "2385"]
[BlackElo "2415"]
[PlyCount "115"]
[EventDate "1991.02.??"]
[EventType "swiss"]
[EventRounds "13"]
[EventCountry "YUG"]
[SourceTitle "TD"]
[Source "ChessBase"]
[SourceDate "1994.03.01"]
[SourceVersion "1"]
[SourceVersionDate "1994.03.01"]
[SourceQuality "1"]

1. e4 c5 2. Nf3 Nc6 3. d4 cxd4 4. Nxd4 e6 5. Nb5 d6 6. c4 Nf6 7. N1c3 a6 8. Na3 Be7 9. Be2 b6 10. 0-0 Bb7 11. Be3 0-0 12. Rc1 Ne5 13. Qd4 Ned7 14. f3 Re8 15. Qd2 d5 16. cxd5 exd5 17. Nxd5 Nxd5 18. exd5 Nf6 19. Bc4 Nxd5 20. Bxd5 Qxd5 21. Qxd5 Bxd5 22. Nc4 Bxc4 23. Rxc4 Bf6 24. Kf2 Re6 25. Rd1 Rae8 26. Rd3 h5 27. b3 Kh7 28. a4 Kg6 29. g3 Be7 30. f4 b5 31. axb5 axb5 32. Rc2 Bb4 33. Kf3 f6 34. Bf2 Ra6 35. h3 Ra1 36. g4 hxg4+ 37. hxg4 Rb1 38. Rc7 Re7 39. Rxe7 Bxe7 40. Ke4 Rb2 41. Bd4 Rg2 42. Kf3 Rh2 43. Bf2 Bb4 44. Rd1 Rh3+ 45. Bg3 Kf7 46. Kg2 Rh8 47. Rd7+ Be7 48. Rb7 f5 49. gxf5 b4 50. Bf2 Re8 51. Bh4 Kf8 52. Bxe7+ Rxe7 53. Rxe7 Kxe7 54. Kg3 Kf6 55. Kg4 Ke7 56. Kg5 Kf7 57. f6 gxf6+ 58. Kh6 1-0

[Event "YUG-ch"]
[Site "Kladovo"]
[Date "1991.??.??"]
[Round "1"]
[White "Savicevic, Vlatko"]
[Black "Sofrevski, Jovan"]
[Result "1/2-1/2"]
[WhiteElo "2305"]
[BlackElo "2415"]
[PlyCount "32"]
[EventDate "1991.02.??"]
[EventType "swiss"]
[EventRounds "13"]
[EventCountry "YUG"]
[SourceTitle "TD"]
[Source "ChessBase"]
[SourceDate "1994.03.01"]
[SourceVersion "1"]
[SourceVersionDate "1994.03.01"]
[SourceQuality "1"]

1. e4 c5 2. Nf3 Nc6 3. d3 g6 4. g3 Bg7 5. Bg2 d6 6. 0-0 e5 7. c3 Nge7 8. a3 a5 9. a4 0-0 10. Na3 h6 11. Nb5 d5 12. Nd2 Be6 13. exd5 Nxd5 14. Nc4 Rb8 15. Re1 Qd7 16. Qe2 Rfd8 1/2-1/2

[Event "YUG-ch"]
[Site "Kladovo"]
[Date "1991.??.??"]
[Round "6"]
[White "Sofrevski, Jovan"]
[Black "Cvitan, Ognjen"]
[Result "1/2-1/2"]
[WhiteElo "2415"]
[BlackElo "2535"]
[PlyCount "33"]
[EventDate "1991.02.??"]
[EventType "swiss"]
[EventRounds "13"]
[EventCountry "YUG"]
[SourceTitle "TD"]
[Source "ChessBase"]
[SourceDate "1994.03.01"]
[SourceVersion "1"]
[SourceVersionDate "1994.03.01"]
[SourceQuality "1"]

1. Nf3 Nf6 2. c4 g6 3. Nc3 Bg7 4. e4 d6 5. d4 0-0 6. Be2 e5 7. 0-0 Nc6 8. Be3 Ng4 9. Bg5 f6 10. Bc1 Nh6 11. dxe5 dxe5 12. Be3 Nf7 13. Qxd8 Nfxd8 14. Nd5 Ne6 15. Rfd1 Rf7 16. c5 a5 17. a3 1/2-1/2

[Event "Struga"]
[Site "Struga"]
[Date "1991.??.??"]
[Round "6"]
[White "Stefanovski, Dushan"]
[Black "Sofrevski, Jovan"]
[Result "1/2-1/2"]
[WhiteElo "2300"]
[BlackElo "2415"]
[PlyCount "59"]
[EventDate "1991.??.??"]
[EventType "tourn"]
[EventRounds "13"]
[EventCountry "YUG"]
[SourceTitle "EXT 1999"]
[Source "ChessBase"]
[SourceDate "1998.11.16"]
[SourceVersion "1"]
[SourceVersionDate "1998.11.16"]
[SourceQuality "1"]

1. e4 c5 2. Nf3 Nc6 3. d4 cxd4 4. Nxd4 e6 5. Nb5 d6 6. c4 Nf6 7. N1c3 a6 8. Na3 Be7 9. Be2 b6 10. Be3 Bb7 11. 0-0 0-0 12. Rc1 Ne5 13. f3 Ned7 14. g4 h6 15. Qd2 Re8 16. Rfd1 d5 17. cxd5 exd5 18. Nxd5 Nxd5 19. exd5 Nf6 20. d6 Qxd6 21. Qxd6 Bxd6 22. Rxd6 Rxe3 23. Kf2 Rae8 24. Rc2 b5 25. Rcd2 Nd5 26. Nc2 R3e5 27. Rd7 R8e7 28. Rxe7 Rxe7 29. Nd4 g6 30. Bf1 1/2-1/2

[Event "YUG-ch sf"]
[Site "Pula"]
[Date "1988.01.20"]
[Round "4"]
[White "Sofrevski, Jovan"]
[Black "Ljubicic, Filip"]
[Result "1/2-1/2"]
[WhiteElo "2385"]
[BlackElo "2330"]
[PlyCount "39"]
[EventDate "1988.01.17"]
[EventType "swiss"]
[EventRounds "13"]
[EventCountry "CRO"]
[SourceTitle "EXT 2018"]
[Source "ChessBase"]
[SourceDate "2017.10.13"]
[SourceVersion "1"]
[SourceVersionDate "2017.10.13"]
[SourceQuality "1"]

1. Nf3 Nf6 2. c4 g6 3. Nc3 Bg7 4. e4 d6 5. d4 0-0 6. Be2 e5 7. Be3 Nc6 8. d5 Ne7 9. Nd2 c5 10. g4 Ne8 11. g5 Bh3 12. Rg1 a6 13. Rg3 Bd7 14. a4 b6 15. Rb1 f5 16. gxf6 Bxf6 17. Nf3 Ng7 18. Bh6 Kh8 19. Nd2 Bh4 20. Rh3 1/2-1/2

[Event "YUG-ch sf"]
[Site "Pula"]
[Date "1988.01.18"]
[Round "2"]
[White "Sprecic, Mustafa"]
[Black "Sofrevski, Jovan"]
[Result "1-0"]
[WhiteElo "2305"]
[BlackElo "2385"]
[PlyCount "57"]
[EventDate "1988.01.17"]
[EventType "swiss"]
[EventRounds "13"]
[EventCountry "CRO"]
[SourceTitle "EXT 2018"]
[Source "ChessBase"]
[SourceDate "2017.10.13"]
[SourceVersion "1"]
[SourceVersionDate "2017.10.13"]
[SourceQuality "1"]

1. d4 Nf6 2. Nf3 d6 3. g3 Nbd7 4. Bg2 e5 5. c4 c6 6. Nc3 g6 7. 0-0 Bg7 8. e4 0-0 9. Be3 Ng4 10. Bg5 Qb6 11. h3 exd4 12. Na4 Qa6 13. hxg4 b5 14. Nxd4 bxa4 15. Be7 Re8 16. Bxd6 Ne5 17. c5 Bxg4 18. Qc2 Rac8 19. f4 Nd3 20. Qc3 Bxd4+ 21. Qxd4 Qb5 22. f5 Be2 23. Rab1 Qb7 24. Qe3 Bxf1 25. f6 Kh8 26. Rxf1 Nb4 27. Qh6 Rg8 28. Kf2 Nd3+ 29. Ke3 1-0

[Event "Pula tt"]
[Site "Pula"]
[Date "1980.??.??"]
[Round "?"]
[White "Sofrevski, Jovan"]
[Black "Ivanovic, Bozidar"]
[Result "1-0"]
[WhiteElo "2445"]
[BlackElo "2440"]
[PlyCount "68"]
[EventDate "1980.??.??"]
[EventType "team-tourn"]
[EventRounds "9"]
[EventCountry "YUG"]
[SourceTitle "EXT 2008"]
[Source "ChessBase"]
[SourceDate "2007.11.25"]
[SourceVersion "1"]
[SourceVersionDate "2007.11.25"]
[SourceQuality "1"]

1. Nf3 Nf6 2. c4 g6 3. Nc3 Bg7 4. e4 0-0 5. d4 c6 6. e5 Ne8 7. Be2 d5 8. 0-0 dxc4 9. Bxc4 Nc7 10. Be3 Be6 11. Bxe6 Nxe6 12. Qb3 b6 13. Rfd1 Qc8 14. d5 cxd5 15. Nxd5 Qb7 16. Rac1 Na6 17. Qa4 Rfe8 18. Rd2 Rac8 19. Rcd1 b5 20. Qe4 Nac5 21. Qh4 a5 22. Ng5 Nxg5 23. Bxg5 Bf8 24. Be3 Ne6 25. b3 Rc6 26. h3 Rec8 27. Qe4 Kh8 28. Nf4 Nxf4 29. Qxf4 Kg8 30. Rd8 Rxd8 31. Rxd8 g5 32. Qf3 g4 33. hxg4 Qc7 34. Qd5 Re6 1-0

[Event "Stip"]
[Site "Stip"]
[Date "1977.11.??"]
[Round "7"]
[White "Sofrevski, Jovan"]
[Black "Ivkov, Borislav"]
[Result "1/2-1/2"]
[WhiteElo "2435"]
[BlackElo "2510"]
[PlyCount "30"]
[EventDate "1977.11.??"]
[EventType "tourn"]
[EventRounds "13"]
[EventCountry "YUG"]
[EventCategory "8"]
[SourceTitle "EXT 2001"]
[Source "ChessBase"]
[SourceDate "2000.11.22"]
[SourceVersion "1"]
[SourceVersionDate "2000.11.22"]
[SourceQuality "1"]

1. Nf3 d5 2. d4 Nf6 3. c4 e6 4. Nc3 Be7 5. Bg5 h6 6. Bh4 0-0 7. e3 b6 8. Bd3 Bb7 9. 0-0 c5 10. Qe2 cxd4 11. exd4 dxc4 12. Bxc4 Nc6 13. Rad1 Nd5 14. Bxd5 exd5 15. Bxe7 Qxe7 1/2-1/2

[Event "Skopje Solidarnost-06"]
[Site "Skopje"]
[Date "1976.03.06"]
[Round "6"]
[White "Karpov, Anatoly"]
[Black "Sofrevski, Jovan"]
[Result "1-0"]
[WhiteElo "2695"]
[BlackElo "2450"]
[PlyCount "85"]
[EventDate "1976.02.29"]
[EventType "tourn"]
[EventRounds "15"]
[EventCountry "YUG"]
[EventCategory "10"]
[SourceTitle "MCD"]
[Source "ChessBase"]
[SourceDate "1999.07.01"]
[SourceVersion "1"]
[SourceVersionDate "1999.07.01"]
[SourceQuality "1"]

1. d4 Nf6 2. c4 d6 3. Nc3 Nbd7 4. e4 e5 5. Nge2 c6 6. g3 g6 7. Bg2 Bg7 8. 0-0 0-0 9. h3 Qb6 10. d5 cxd5 11. cxd5 Nc5 12. Rb1 a5 13. b3 Bd7 14. a3 Rfc8 15. Be3 Qd8 16. Qd2 b5 17. b4 axb4 18. axb4 Na4 19. Nxa4 Rxa4 20. Nc3 Ra3 21. Rfc1 Rc4 22. Qb2 Ra8 23. Kh2 h5 24. Bf1 Rcc8 25. f3 Rcb8 26. Ra1 Rxa1 27. Rxa1 Ne8 28. Ra7 f5 29. Qd2 Nf6 30. exf5 gxf5 31. Bh6 Ne8 32. Bxg7 Nxg7 33. Qh6 h4 34. Qxd6 hxg3+ 35. Kg2 Be8 36. Qxe5 Bf7 37. Rc7 Rb6 38. Bxb5 Rh6 39. Bd3 Qg5 40. Ne2 Rxh3 41. Kxh3 Qh5+ 42. Kxg3 f4+ 43. Qxf4 1-0